Proposals would have positive effect (Record no. 71920)
[ view plain ]
| 000 -LEADER | |
|---|---|
| fixed length control field | 01049cam a2200217 4500 |
| 001 - CONTROL NUMBER | |
| control field | WB3902-15 |
| 008 - FIXED-LENGTH DATA ELEMENTS--GENERAL INFORMATION | |
| fixed length control field | 030115n2003 000 0 eng u |
| 035 ## - SYSTEM CONTROL NUMBER | |
| System control number | (Sirsi) u121023 |
| 245 ## - TITLE STATEMENT | |
| Title | Proposals would have positive effect |
| 260 ## - PUBLICATION, DISTRIBUTION, ETC. | |
| Date of publication, distribution, etc. | 2003 |
| 490 ## - SERIES STATEMENT | |
| Series statement | European Commission Press Release |
| Volume/sequential designation | (IP/03/46) 15 January 2003, (2) |
| 520 ## - SUMMARY, ETC. | |
| Summary, etc. | According to a series of report both internal and external, the European Commission's proposals to review the Common Agricultural Policy (CAP), including modulation, would actually have a positive effect on farm incomes. The studies are available from the Director General Agriculture website, http://europa.eu.int/comm/agriculture/publi/reports/mtrimpact/lindex_en.htm. E C Press Release http://www.europa.eu.int/rapid/start/cgi/guesten.ksh?p_action.gettxt=gt&doc=IP/03/46 $0 |
| -- | APID&lg=EN; |
| 590 ## - LOCAL NOTE (RLIN) | |
| Local note | WB |
| 650 ## - SUBJECT ADDED ENTRY--TOPICAL TERM | |
| Topical term or geographic name entry element | FARM INCOMES |
| 650 ## - SUBJECT ADDED ENTRY--TOPICAL TERM | |
| Topical term or geographic name entry element | EUROPEAN COMMISSION |
| 650 ## - SUBJECT ADDED ENTRY--TOPICAL TERM | |
| Topical term or geographic name entry element | COMMON AGRICULTURAL POLICY |
| 650 ## - SUBJECT ADDED ENTRY--TOPICAL TERM | |
| Topical term or geographic name entry element | CAP REFORM |
| 650 ## - SUBJECT ADDED ENTRY--TOPICAL TERM | |
| Topical term or geographic name entry element | EUROPE |
| 690 ## - LOCAL SUBJECT ADDED ENTRY--TOPICAL TERM (OCLC, RLIN) | |
| Topical term or geographic name as entry element | Rural |
| 9 (RLIN) | 6268 |
| 942 ## - ADDED ENTRY ELEMENTS (KOHA) | |
| Suppress in OPAC | 0 |
| Withdrawn status | Lost status | Source of classification or shelving scheme | Damaged status | Not for loan | Home library | Current library | Shelving location | Date acquired | Total Checkouts | Full call number | Barcode | Date last seen | Copy number | Price effective from | Koha item type |
|---|---|---|---|---|---|---|---|---|---|---|---|---|---|---|---|
| Dewey Decimal Classification | London | London | News article | 15/01/2003 | WB3902-15 | 121023-1001 | 06/08/2019 | 1 | 06/08/2019 | News article |